000 00290nam a22001217a 4500
008 160614b xxu||||| |||| 00| 0 eng d
020 _a9780803619586
020 _a0803619588
041 _aeng
080 _a618.2
245 _aAdvanced practice nursing:
_cLucille A. Joel;
942 _2udc
_cBK
999 _c2506
_d2506